A Faiança (Record no. 46054)

MARC details
000 -Etiqueta do registo
Valores 00406nam a2200157 4500
100 ## - Dados gerais de processamento
Dados gerais 20260427 pory50
101 ## - Língua de publicação
Língua por
102 ## - País de publicação
País PT
200 ## - Titulo e menção de responsabilidade
Título próprio A Faiança
Título paralelo In Revista Técnica de Cerâmica Ano I, n.º 2 1980
Primeira menção de responsabilidade Raquel Cortez
210 ## - Publicação
Local de publicação [S.l.]
Nome do editor Revista Técnica de Cerâmica
Data de publicação 1980
215 ## - Descrição física 
Paginação / Volumes 4-7 p.
675 ## - CDU
Notação 738
801 ## - Fonte de origem
País PT
Regras de catalogação RPC
990 ## - Elementos KOHA
Tipo de documento Jornais e Revistas
Holdings
Aquisição Empréstimo Código de barras Cota Permissão de empréstimo Tipo de documento Nota relativa ao exemplar
Fundo Local do Concelho Fundo Local do Concelho 057204 738 COR Consulta presencial Jornais e Revistas fotocópia do original. Revista Técnica de Cerâmica Ano I, n.º 2 1980

Powered by Koha